000 00282nam a22001337a 4500
008 170807b xxu||||| |||| 00| 0 eng d
020 _a9781593270292
041 _aeng
080 _a004
100 _a34
101 _aSHK
245 _aHACKING THE XBOX
_cANDREW
942 _2udc
_cBK
999 _c22831
_d22831